Deutsche Städte nach Bundesländern - Kachelauswahl #2 - Statistiken

Allgemein
  • Dieses Quiz wurde 129 mal gespielt
  • Das Durchschnittsergebnis liegt bei 53 aus 63
Antwortstatistiken
Frage Kachel Select % Korrekt
in Schleswig-Holstein liegen. Esbjerg Nein
99%
in Schleswig-Holstein liegen. Flensburg Ja
97%
im Saarland liegen. Saarbrücken Ja
97%
zu Stadtstaaten gehören. Bochum Nein
96%
zu Stadtstaaten gehören. Bremen Ja
96%
zu Stadtstaaten gehören. Frankfurt Nein
96%
in Niedersachsen liegen. Groningen Nein
96%
im Saarland liegen. Kaiserslautern Nein
96%
im Saarland liegen. Luxemburg Nein
96%
in Schleswig-Holstein liegen. Nordsee Nein
96%
zu Stadtstaaten gehören. Stuttgart Nein
96%
zu Stadtstaaten gehören. Berlin Ja
95%
zu Stadtstaaten gehören. Bottrop Nein
95%
in Thüringen liegen. Erfurt Ja
95%
in Niedersachsen liegen. Wolfsburg Ja
95%
zu Stadtstaaten gehören. Zwönitz Nein
95%
zu Stadtstaaten gehören. Hamburg Ja
94%
in Hessen liegen. Heidelberg Nein
94%
in Niedersachsen liegen. Osnabrück Ja
94%
in Thüringen liegen. Gera Ja
93%
in Sachsen-Anhalt liegen. Halle Ja
93%
in Sachsen-Anhalt liegen. Magdeburg Ja
92%
in Hessen liegen. Höxter Nein
91%
in Thüringen liegen. Jena Ja
91%
in Schleswig-Holstein liegen. Lübeck Ja
91%
in Thüringen liegen. Aschaffenburg Nein
90%
in Niedersachsen liegen. Bielefeld Nein
90%
in Niedersachsen liegen. Detmold Nein
90%
in Niedersachsen liegen. Göttingen Ja
90%
in Hessen liegen. Wiesbaden Ja
90%
in Hessen liegen. Darmstadt Ja
88%
in Hessen liegen. Offenbach Ja
88%
in Hessen liegen. Fulda Ja
87%
in Sachsen-Anhalt liegen. Goslar Nein
85%
im Saarland liegen. Wittlich Nein
85%
im Saarland liegen. Neunkirchen Ja
84%
in Hessen liegen. Marburg Ja
83%
in Hessen liegen. Bad Salzungen Nein
82%
in Schleswig-Holstein liegen. Cuxhaven Nein
82%
in Niedersachsen liegen. Emden Ja
82%
in Thüringen liegen. Plauen Nein
82%
in Thüringen liegen. Schkeuditz Nein
82%
in Thüringen liegen. Wernigerode Nein
82%
in Sachsen-Anhalt liegen. Dessau-Roßlau Ja
81%
in Niedersachsen liegen. Salzgitter Ja
81%
in Niedersachsen liegen. Salzwedel Nein
81%
in Hessen liegen. Worms Nein
81%
in Sachsen-Anhalt liegen. Dömitz Nein
80%
in Schleswig-Holstein liegen. Buxtehude Nein
78%
in Schleswig-Holstein liegen. Pinneberg Ja
77%
in Schleswig-Holstein liegen. Norderstedt Ja
74%
im Saarland liegen. Homburg Ja
73%
in Sachsen-Anhalt liegen. Nauen Nein
73%
in Sachsen-Anhalt liegen. Bad Harzburg Nein
72%
im Saarland liegen. St. Ingbert Ja
71%
zu Stadtstaaten gehören. Bremerhaven Ja
69%
in Sachsen-Anhalt liegen. Halberstadt Ja
69%
in Thüringen liegen. Nordhausen Ja
67%
im Saarland liegen. Zweibrücken Nein
60%
in Schleswig-Holstein liegen. Ahrensburg Ja
58%
im Saarland liegen. Merzig Ja
55%
in Thüringen liegen. Greiz Ja
45%
in Sachsen-Anhalt liegen. Bernburg Ja
44%
Keine übereinstimmenden Quizze gefunden
Verteilung der Resultate
Anzahl Personen mit jedem Resultat
Perzentil nach korrekt beantworteten Fragen
Ihre Resultats-Entwicklung
Sie haben dieses Quiz noch nicht gespielt